LEADER 00964nam0-22003251i-450- 001 990000701530403321 005 20160401092018.0 035 $a000070153 035 $aFED01000070153 035 $a(Aleph)000070153FED01 035 $a000070153 100 $a20020821d1980----km-y0itay50------ba 101 0 $aita 102 $aIT 105 $aa-------001yy 200 1 $a<>conduzioni degli impianti di depurazione delle acque di scarico$fRoberto Passino 210 $aRoma$cEdizioni Scientifiche A. Cremonese$d1980 215 $a497 p.$cill.$d24 cm 610 0 $aDepurazione 610 0 $aImpianti di depurazione 610 0 $aAcque di scarico 676 $a628.16 700 1$aPassino,$bRoberto$08869 801 0$aIT$bUNINA$gRICA$2UNIMARC 901 $aBK 912 $a990000701530403321 952 $aTECN B 653$b14501$fFARBC 959 $aFARBC 996 $aConduzioni degli impianti di depurazione delle acque di scarico$9323656 997 $aUNINA LEADER 00926cam0 22002411 450 001 SOBE00038077 005 20131202084838.0 100 $a20131129d1939 |||||ita|0103 ba 101 $aita 102 $aIT 200 1 $aSaggi con una noterella$ePoliziano, Parini, Alfieri, Foscolo, Carducci, Severino, Serra, Soffici, De Lollis$fGiuseppe De Robertis 210 $aFirenze$cLe Monnier$d1939 215 $a207 p.$d19 cm 700 1$aDe Robertis$b, Giuseppe$3AF00014705$4070$0151750 801 0$aIT$bUNISOB$c20131202$gRICA 850 $aUNISOB 852 $aUNISOB$j3|A$m12122|ort 912 $aSOBE00038077 940 $aM 102 Monografia moderna SBN 941 $aM 957 $xFondo|Ortolani$a3|A$b041$fModalità di consultazione sulla home page della Biblioteca link Fondi$gNO$d12122|ort$hOrtolaniS$rdono$1calvano123$2UNISOB$3UNISOB$420131129093653.0$520131129093738.0$6calvano123 996 $aSaggi$9131165 997 $aUNISOB